| 000 | 00480nam a2200205Ia 4500 | ||
|---|---|---|---|
| 003 | OSt | ||
| 005 | 20230412095130.0 | ||
| 008 | 210423s2007 xx 000 0 und d | ||
| 020 | _a451699021 | ||
| 040 | _cAL | ||
| 041 | _aeng | ||
| 082 |
_a190 _223 _b HOMS |
||
| 100 |
_aHOMER (Sean). _986610 |
||
| 245 | _aJacques Lacan. | ||
| 260 |
_aLondon _bRoutledge & Kegan Paul _c2007 |
||
| 300 |
_ax,155 _bPB |
||
| 365 |
_b220 _cINR |
||
| 906 | _aJacques ; Lacan. | ||
| 942 |
_2ddc _cBK |
||
| 999 |
_c157199 _d157199 |
||